| 000 | 00557nam a22002177a 4500 | ||
|---|---|---|---|
| 003 | OSt | ||
| 005 | 20140310181736.0 | ||
| 008 | 130320t xxu||||| |||| 00| 0 eng d | ||
| 020 | _a0194372200 | ||
| 050 |
_aPN 3171 _b.P558 |
||
| 082 |
_aTR 371.33 _bP54 2000 |
||
| 100 |
_aSarah Phillips. _9298 |
||
| 245 |
_aDrama with children _cPhillips,Sarah |
||
| 260 |
_b Oxford University _c 1999 |
||
| 300 |
_a152 p. : _b ill. ; _c28 cm . |
||
| 521 | _aTeachers | ||
| 541 | _j1 | ||
| 562 | _e1 | ||
| 650 | _2 Children drama | ||
| 942 |
_2lcc _cBK-TR _kTR |
||
| 999 |
_c2573 _d2573 |
||